000 01022nam a22003137a 4500
001 BR7600278
003 BR-BrBNA
005 20230928084857.0
007 ta
008 230509b bl.||||| |||| 00| 0 por d
040 _aBR-BrBNA
_bpor
_cBiblioteca Nacional de Agricultura
041 _a(Por)
072 _aE00; F00; L00
_b/G514
090 _ E00 BR7600278
110 1 _aConfederacao Nacional da Agricultura, Brasilia, DF (Brasil)
_92518
111 1 _a1. Encontro Nacional de Agropecuaria
_cBrasilia, DF (Brazil)
_d17 Nov 1975
245 1 _aTemario do 1. Encontro Nacional de Agropecuaria [Industrializacao; Comercializacao; Previdencia social; Politica agricola; Brasil]
260 3 _aBrasilia, DF (Brasil):
_c1975.
300 _a506 p.
650 _aEconomia
650 _aProducao vegetal
650 _aProducao animal
650 _aIndustrializacao
650 _aComercializacao
650 _aPrevidencia rural
650 _aPolitica agricola
909 _a202309
_bLucia
_c55
_dLucia Elande
942 _cBK
999 _c21624
_d21624